000 01441nam a2200325 a 4500
001 BRCA_3158
005 20190320204135.0
008 110209s1885----fr-a---###---#000-0#fre-u
041 _afre
044 _afr
084 _a458
_b.M36
_c1885
100 1 _aCervantes Saavedra, Miguel de
_d1547-1616
_9213
245 1 0 _aL´Ingénieux Chevalier Don Quichotte de la Manche
_cpar Miguel de Cervantes Saavedra.
260 _aTours (Francia)
_bAlfred Mame
_c1885
300 _a486 p.
_bil.
_c25 cm.
500 _aContenido : Primera parte. Advertencia del traductor. Texto. Segunda parte. Texto
500 _aEdición : Traduction nouvelle. Illustration par Grandville, Karl Girardet et Fraipont
500 _aReproducción de las abreviaciones del autor anónimo, publicadas por los mismos editores, en 1858, etc. La parte tipográfica es muy buena. Rústica Lúdovik Osterc
500 _aEstado físico : La encuadernación se encuentra maltratada
500 _aQM387
546 _aTexto en : francés
650 1 4 _aNovela española
_yÉpoca clásica, 1500-1700
_9215
650 1 4 _aLiteratura española
_yÉpoca clásica, 1500-1700
_9216
650 1 4 _aNovela española
_ySiglo XVII
_9217
650 1 4 _aDon Quijote (Personaje ficticio)
_eNovela
_9218
700 1 _aGrandville, J.J.
_d1803-1847
_qIsidore Gérard, Jean Ignace
_eIlustrador
_98523
740 0 _aEl Ingenioso Hidalgo Don Quijote de la Mancha
902 _aQFM
942 _2lcc
_cB
999 _c2894
_d2894